Statistics for 20 best selling board games

Click here to take the quiz!

General Stats

  • This quiz has been taken 23 times
  • The average score is 7 of 20

Answer Stats

InventorAnswer% Correct
Charles DarrowMonopoly
95%
Ancient persiansChess
81%
Ancient FrenchCheckers
71%
Anthony PrattClue
62%
Albert LamorisseRisk
52%
John FisherBattleship
43%
Bally SenteTrivial pursuit
43%
MesopotamiansBackgammon
33%
Milton BradleyLife
33%
Eleanor AbottCandyland
29%
Robert angelPictionary
29%
Alfred ButtsScrabble
29%
Goro HasegawaOthello
14%
Klaus TeuberCatan
10%
Whit AlexanderCranium
10%
L'AttaqueStratego
10%
Howard WexlerConnect four
5%
Ancient egyptiansMancala
5%
Bernard tavitianBlokus
0%
Ephraim HertzanoRummikub
0%

Score Distribution

Percentile by Number Answered

Percent of People with Each Score

Your Score History

You have not taken this quiz